[Event "BCF-chT3 1415 (4NCL)"]
[Site "England"]
[Date "2015.05.03"]
[Round "10.98"]
[White "Rosen, Daniel B"]
[Black "McEwan, Ken B"]
[Result "0-1"]
[WhiteElo "2073"]
[BlackElo "2088"]
[PlyCount "138"]
[EventDate "2015.03.21"]
[EventType "team-swiss"]
[EventRounds "11"]
[EventCountry "ENG"]
[SourceTitle "EXT 2016"]
[Source "ChessBase"]
[SourceDate "2015.10.08"]
[SourceVersion "1"]
[SourceVersionDate "2015.10.08"]
[SourceQuality "1"]
[WhiteTeam "Poisoned Pawns"]
[BlackTeam "Broadland Bitterns"]
[WhiteTeamCountry "ENG"]
[BlackTeamCountry "ENG"]

1. e4 e5 2. Nf3 Nc6 3. Bb5 a6 4. Ba4 Nf6 5. 0-0 Be7 6. d3 b5 7. Bb3 d6 8. c3 Na5 9. Bc2 c5 10. Bg5 h6 11. Bxf6 Bxf6 12. Nbd2 0-0 13. Qe2 Nc6 14. Rfd1 g6 15. Nf1 Bg7 16. Bb3 Be6 17. Ne3 Bxb3 18. axb3 Ne7 19. Nd2 d5 20. exd5 Nxd5 21. Nxd5 Qxd5 22. c4 Qd4 23. Ne4 f5 24. Nc3 b4 25. Nd5 Rae8 26. Rxa6 e4 27. dxe4 Rxe4 28. Qf3 Qe5 29. g3 g5 30. Ra7 g4 31. Qd3 Rd4 32. Qf1 Qe4 33. Re1 Qf3 34. Nf4 Rxf4 35. gxf4 Qxf4 36. Qe2 Bd4 37. Qe6+ Kh8 38. Re2 g3 39. hxg3 Qxg3+ 40. Kf1 Qh3+ 41. Ke1 Qh1+ 42. Kd2 Bxb2 43. Re1 Qh4 44. Kc2 Bg7 45. Qe2 Qf6 46. Qd3 Rd8 47. Rd7 Qb2+ 48. Kd1 Rxd7 49. Re8+ Kh7 50. Qxd7 Qxb3+ 51. Ke1 Qc3+ 52. Kd1 Qd4+ 53. Qxd4 Bxd4 54. Ke2 Kg6 55. Re6+ Kg5 56. f4+ Kxf4 57. Rxh6 Ke4 58. Rh3 f4 59. Rd3 Be3 60. Rd1 f3+ 61. Ke1 Bd4 62. Kd2 b3 63. Re1+ Kf4 64. Rb1 b2 65. Kd3 Kg3 66. Kd2 Kg2 67. Kd3 Bf6 68. Kd2 Bg5+ 69. Kd1 Bc1 0-1

[Event "BCF-chT3 1415 (4NCL)"]
[Site "England"]
[Date "2015.05.02"]
[Round "9.58"]
[White "Tavoularis, Nicholas"]
[Black "McEwan, Ken B"]
[Result "1-0"]
[WhiteElo "2142"]
[BlackElo "2088"]
[PlyCount "59"]
[EventDate "2015.03.21"]
[EventType "team-swiss"]
[EventRounds "11"]
[EventCountry "ENG"]
[SourceTitle "EXT 2016"]
[Source "ChessBase"]
[SourceDate "2015.10.08"]
[SourceVersion "1"]
[SourceVersionDate "2015.10.08"]
[SourceQuality "1"]
[WhiteTeam "North East England"]
[BlackTeam "Broadland Bitterns"]
[WhiteTeamCountry "ENG"]
[BlackTeamCountry "ENG"]

1. e4 c5 2. Nc3 e6 3. f4 Nc6 4. Nf3 g6 5. Bb5 Qc7 6. 0-0 d6 7. d4 a6 8. Bxc6+ Qxc6 9. d5 Qc7 10. e5 Bd7 11. Ng5 Nh6 12. dxe6 Bxe6 13. Nxe6 fxe6 14. exd6 Bxd6 15. Qe2 Qe7 16. Bd2 0-0 17. Rac1 Rae8 18. Ne4 Nf5 19. Bc3 Nd4 20. Qd2 e5 21. b4 cxb4 22. Bxd4 exd4 23. Qxd4 Rd8 24. Qc4+ Qf7 25. Nxd6 Rxd6 26. Qxb4 Rfd8 27. c4 R8d7 28. f5 Rd2 29. fxg6 Rxg2+ 30. Kh1 1-0

[Event "BCF-chT3S 1314 (4NCL)"]
[Site "England"]
[Date "2013.11.17"]
[Round "2.236"]
[White "McEwan, Ken B"]
[Black "Asenov, Pavel"]
[Result "1-0"]
[WhiteElo "2089"]
[BlackElo "1896"]
[PlyCount "71"]
[EventDate "2013.11.16"]
[EventType "team-swiss"]
[EventRounds "6"]
[EventCountry "ENG"]
[SourceTitle "CBM 157 Extra"]
[Source "ChessBase"]
[SourceDate "2013.12.19"]
[SourceVersion "1"]
[SourceVersionDate "2013.12.19"]
[SourceQuality "1"]
[WhiteTeam "Broadland"]
[BlackTeam "Witney"]
[WhiteTeamCountry "ENG"]
[BlackTeamCountry "ENG"]

1. d4 g6 2. Bf4 Bg7 3. e3 Nf6 4. h3 0-0 5. Nf3 d6 6. Be2 Nbd7 7. Bh2 b6 8. 0-0 Bb7 9. c3 Re8 10. a4 e5 11. a5 e4 12. Nfd2 Qe7 13. Na3 a6 14. axb6 Nxb6 15. Nac4 Nxc4 16. Nxc4 Bc8 17. Qc2 Bd7 18. Ra5 Bb5 19. Rfa1 Reb8 20. b4 Nd5 21. R1a3 Qe6 22. Nb2 Bxe2 23. Qxe2 c5 24. bxc5 dxc5 25. Bxb8 Rxb8 26. Rxa6 Qc8 27. Qc4 Nc7 28. Ra7 Rxb2 29. Qxc5 Bf8 30. Rxc7 Rb1+ 31. Kh2 Qb8 32. Ra8 Qxa8 33. Rc8 Qxc8 34. Qxc8 Kg7 35. g3 Rc1 36. Qc4 1-0

[Event "BCF-chT2a 1213 (4NCL)"]
[Site "England"]
[Date "2013.02.24"]
[Round "6.225"]
[White "McEwan, Ken B"]
[Black "Mangione, Claudio"]
[Result "1/2-1/2"]
[WhiteElo "2100"]
[BlackElo "2098"]
[PlyCount "39"]
[EventDate "2012.11.03"]
[EventType "team-tourn"]
[EventRounds "7"]
[EventCountry "ENG"]
[SourceTitle "EXT 2014"]
[Source "ChessBase"]
[SourceDate "2013.11.20"]
[SourceVersion "1"]
[SourceVersionDate "2013.11.20"]
[SourceQuality "1"]
[WhiteTeam "Poisoned Pawns"]
[BlackTeam "Grantham Pandora's Box"]
[WhiteTeamCountry "ENG"]
[BlackTeamCountry "ENG"]

1. d4 g6 2. e4 d6 3. Be2 Bg7 4. c3 Nc6 5. Nf3 e5 6. dxe5 dxe5 7. Qxd8+ Nxd8 8. Na3 Ne6 9. g3 Bd7 10. Be3 f6 11. Nd2 Bh6 12. Nc2 0-0-0 13. 0-0-0 Bxe3 14. Nxe3 Ne7 15. Nb3 Ng5 16. f3 b6 17. h4 Nf7 18. Rd2 Be6 19. Rhd1 c6 20. Bc4 1/2-1/2

[Event "BCF-chT2a 1213 (4NCL)"]
[Site "England"]
[Date "2013.01.12"]
[Round "3.34"]
[White "McEwan, Ken B"]
[Black "Pleasants, Allan J"]
[Result "0-1"]
[WhiteElo "2100"]
[BlackElo "2073"]
[PlyCount "68"]
[EventDate "2012.11.03"]
[EventType "team-tourn"]
[EventRounds "7"]
[EventCountry "ENG"]
[SourceTitle "EXT 2014"]
[Source "ChessBase"]
[SourceDate "2013.11.20"]
[SourceVersion "1"]
[SourceVersionDate "2013.11.20"]
[SourceQuality "1"]
[WhiteTeam "Poisoned Pawns"]
[BlackTeam "Wessex"]
[WhiteTeamCountry "ENG"]
[BlackTeamCountry "ENG"]

1. d4 d6 2. g3 e5 3. c3 e4 4. d5 f5 5. Bg2 Nf6 6. h4 Be7 7. Nh3 Nbd7 8. Be3 Ne5 9. Na3 c6 10. Nf4 0-0 11. Qb3 Kh8 12. dxc6 bxc6 13. Bd4 Qc7 14. Bxe5 dxe5 15. Ne6 Bxe6 16. Qxe6 Bxa3 17. bxa3 Nd5 18. c4 Rae8 19. cxd5 Rxe6 20. dxe6 Qe7 21. 0-0 Qxe6 22. Rfc1 f4 23. Kh2 Qg4 24. Rxc6 g5 25. hxg5 Qxe2 26. Rf1 fxg3+ 27. Kxg3 Qh5 28. g6 Qg5+ 29. Kh2 hxg6 30. Rh1 Kg8 31. Kg1 Qf5 32. Rh3 Qxf2+ 33. Kh2 Kg7 34. Rg3 Rh8+ 0-1

[Event "BCF-chT2c 1112 (4NCL)"]
[Site "England"]
[Date "2012.05.07"]
[Round "11.223"]
[White "Dineley, Richard"]
[Black "McEwan, Ken B"]
[Result "1-0"]
[WhiteElo "2264"]
[BlackElo "2109"]
[PlyCount "117"]
[EventDate "2011.11.12"]
[EventType "team-swiss"]
[EventRounds "11"]
[EventCountry "ENG"]
[SourceTitle "EXT 2013"]
[Source "ChessBase"]
[SourceDate "2012.11.22"]
[SourceVersion "1"]
[SourceVersionDate "2012.11.22"]
[SourceQuality "1"]
[WhiteTeam "South Wales Dragons"]
[BlackTeam "Poisoned Pawns"]
[WhiteTeamCountry "ENG"]
[BlackTeamCountry "ENG"]

1. e4 c5 2. Nf3 d6 3. d4 cxd4 4. Nxd4 Nf6 5. Nc3 a6 6. Be2 Bd7 7. 0-0 Nc6 8. Be3 b5 9. a4 b4 10. Nd5 Nxd5 11. exd5 Nxd4 12. Qxd4 a5 13. c3 bxc3 14. bxc3 f6 15. Rab1 g6 16. Rb7 Kf7 17. Bg4 Bc8 18. Bxc8 Qxc8 19. Rfb1 Bg7 20. Bf4 Rd8 21. Qe4 Bf8 22. c4 Kg8 23. h3 Kh8 24. Bh6 Rd7 25. Rxd7 Qxd7 26. Bxf8 Rxf8 27. Rb5 Qc7 28. g3 Rc8 29. Qe1 Ra8 30. Qe3 Rc8 31. h4 Re8 32. c5 dxc5 33. Rxc5 Qb6 34. Rb5 Qc7 35. Qc5 Qxc5 36. Rxc5 Ra8 37. f4 Kg8 38. Kg2 Kf7 39. Kf3 Ke8 40. d6 Kd7 41. dxe7 h6 42. Ke4 Kxe7 43. f5 g5 44. Rc7+ Kf8 45. hxg5 hxg5 46. Kd5 Re8 47. g4 Re1 48. Ra7 Ke8 49. Kd6 Re5 50. Rc7 Re4 51. Rc5 Rxa4 52. Ke6 Re4+ 53. Kxf6 Rxg4 54. Rxa5 Rf4 55. Kxg5 Rb4 56. Kg6 Rb8 57. Ra7 Kf8 58. f6 Kg8 59. Rg7+ 1-0

[Event "BCF-chT2c 1112 (4NCL)"]
[Site "England"]
[Date "2012.05.06"]
[Round "10.235"]
[White "McEwan, Ken B"]
[Black "Pitcher, John"]
[Result "1/2-1/2"]
[WhiteElo "2109"]
[BlackElo "2205"]
[PlyCount "49"]
[EventDate "2011.11.12"]
[EventType "team-swiss"]
[EventRounds "11"]
[EventCountry "ENG"]
[SourceTitle "EXT 2013"]
[Source "ChessBase"]
[SourceDate "2012.11.22"]
[SourceVersion "1"]
[SourceVersionDate "2012.11.22"]
[SourceQuality "1"]
[WhiteTeam "Poisoned Pawns"]
[BlackTeam "Warwicks Select"]
[WhiteTeamCountry "ENG"]
[BlackTeamCountry "ENG"]

1. d4 d5 2. Nf3 Nf6 3. Bg5 Nbd7 4. e3 c6 5. c3 g6 6. Nbd2 Bg7 7. Bd3 0-0 8. 0-0 c5 9. Rc1 Re8 10. Re1 Qb6 11. Qb3 Qxb3 12. axb3 h6 13. Bf4 g5 14. Bc7 cxd4 15. exd4 Nb8 16. Ra1 Be6 17. b4 Nbd7 18. Bg3 a6 19. Nf1 Nh5 20. Ne3 Nxg3 21. hxg3 Nb6 22. Nd2 Bd7 23. f4 e6 24. Kf2 f5 25. Bc2 1/2-1/2

[Event "BCF-chT2a 1112 (4NCL)"]
[Site "England"]
[Date "2012.03.31"]
[Round "7.26"]
[White "McEwan, Ken B"]
[Black "Nicholson, Jim WR"]
[Result "1-0"]
[WhiteElo "2109"]
[BlackElo "1990"]
[PlyCount "131"]
[EventDate "2011.11.12"]
[EventType "team-tourn"]
[EventRounds "7"]
[EventCountry "ENG"]
[SourceTitle "EXT 2013"]
[Source "ChessBase"]
[SourceDate "2012.11.22"]
[SourceVersion "1"]
[SourceVersionDate "2012.11.22"]
[SourceQuality "1"]
[WhiteTeam "Poisoned Pawns"]
[BlackTeam "Bradford DCA Knights"]
[WhiteTeamCountry "ENG"]
[BlackTeamCountry "ENG"]

1. d4 d6 2. g3 e5 3. dxe5 dxe5 4. Qxd8+ Kxd8 5. Bg2 c6 6. Nf3 f6 7. Bd2 Be6 8. Nc3 Nd7 9. 0-0-0 Kc7 10. Ne1 Nh6 11. Bxh6 gxh6 12. a3 Be7 13. e4 a5 14. Nb1 b5 15. b3 Nc5 16. Nd3 Rhd8 17. Nxc5 Bxc5 18. f3 Rd4 19. Rxd4 Bxd4 20. c3 Bc5 21. Kc2 Rd8 22. g4 Be3 23. Bf1 Kb6 24. Be2 a4 25. b4 Bb3+ 26. Kb2 h5 27. h3 h4 28. Re1 Bf4 29. Rf1 Rd6 30. Rg1 Kc7 31. Rf1 Kd8 32. c4 bxc4 33. Kc3 Be3 34. b5 c5 35. Bxc4 Bd4+ 36. Kd3 Bb2+ 37. Bd5 c4+ 38. Kd2 Kc7 39. Rg1 h6 40. Rf1 Kb6 41. f4 exf4 42. Rxf4 Kc5 43. Rf5 Kd4 44. Rf3 Kc5 45. Rf5 Kxb5 46. Ke3 Kb6 47. Nd2 Bxa3 48. Nxc4+ Bxc4 49. Bxc4 Bc1+ 50. Ke2 a3 51. Rb5+ Kc7 52. Bd5 Rb6 53. Rc5+ Kd6 54. Rxc1 Rb2+ 55. Kf3 Rh2 56. Kf4 Rf2+ 57. Ke3 Rh2 58. Rc6+ Ke7 59. Rc7+ Kd6 60. Rc6+ Ke7 61. Re6+ Kd7 62. Rxf6 Rxh3+ 63. Kf4 Rh2 64. Rxh6 a2 65. Ra6 h3 66. Kg3 1-0

[Event "BCF-chT2a 1112 (4NCL)"]
[Site "England"]
[Date "2012.02.12"]
[Round "6.6"]
[White "Birtwistle, Nigel"]
[Black "McEwan, Ken B"]
[Result "1/2-1/2"]
[WhiteElo "2173"]
[BlackElo "2109"]
[PlyCount "71"]
[EventDate "2011.11.12"]
[EventType "team-tourn"]
[EventRounds "7"]
[EventCountry "ENG"]
[SourceTitle "EXT 2013"]
[Source "ChessBase"]
[SourceDate "2012.11.22"]
[SourceVersion "1"]
[SourceVersionDate "2012.11.22"]
[SourceQuality "1"]
[WhiteTeam "Pandoras Box"]
[BlackTeam "Poisoned Pawns"]
[WhiteTeamCountry "ENG"]
[BlackTeamCountry "ENG"]

1. d4 Nf6 2. Nf3 e6 3. c4 b6 4. g3 Bb7 5. Bg2 d6 6. 0-0 Nbd7 7. Nc3 Be7 8. Qc2 c5 9. d5 e5 10. Ng5 0-0 11. f4 h6 12. Nf3 exf4 13. gxf4 Nh7 14. e4 Bf6 15. Bd2 g5 16. Kh1 gxf4 17. Bxf4 Ne5 18. Nxe5 Bxe5 19. Bxe5 dxe5 20. Rf5 Ng5 21. Raf1 Bc8 22. Rf6 Nh7 23. Rxh6 Qg5 24. Qc1 Qxc1 25. Rxc1 f6 26. Rg6+ Kf7 27. Rg3 Ng5 28. Rf1 Kg6 29. Kg1 Rh8 30. Nb5 Bd7 31. Nd6 Rh4 32. Nf5 Bxf5 33. exf5+ Kf7 34. d6 Rd8 35. Bd5+ Kf8 36. Kg2 1/2-1/2

[Event "BCF-chT2 1011 (4NCL)"]
[Site "England"]
[Date "2011.05.01"]
[Round "10.34"]
[White "McEwan, Ken B"]
[Black "Player, Edmund C"]
[Result "1/2-1/2"]
[WhiteElo "2139"]
[BlackElo "2179"]
[PlyCount "90"]
[EventDate "2010.11.06"]
[EventType "team-swiss"]
[EventRounds "11"]
[EventCountry "ENG"]
[SourceTitle "EXT 2012"]
[Source "ChessBase"]
[SourceDate "2011.11.24"]
[SourceVersion "1"]
[SourceVersionDate "2011.11.24"]
[SourceQuality "1"]
[WhiteTeam "Poisoned Pawns"]
[BlackTeam "Anglian Avengers"]
[WhiteTeamCountry "ENG"]
[BlackTeamCountry "ENG"]

1. d4 d5 2. c4 dxc4 3. e4 Nf6 4. Nc3 Nc6 5. e5 Nd5 6. Bxc4 Nb6 7. Bb5 a6 8. Bxc6+ bxc6 9. Nge2 Bf5 10. 0-0 e6 11. Ng3 Bg6 12. Be3 c5 13. Na4 c4 14. Nc5 Bxc5 15. dxc5 Qxd1 16. Rfxd1 Nd5 17. Bd4 0-0-0 18. Rac1 Bd3 19. a3 Ne7 20. Be3 Rd5 21. f4 Rhd8 22. Kf2 g6 23. Rc3 Nc6 24. b3 cxb3 25. Rxb3 Bc2 26. Rxd5 Bxb3 27. Rxd8+ Kxd8 28. Ne4 Ke7 29. g4 Bd5 30. Nf6 Na5 31. Nxh7 Nc4 32. Bc1 a5 33. h4 a4 34. h5 gxh5 35. gxh5 f5 36. Nf6 Bc6 37. h6 Kf7 38. Kg3 Kg6 39. h7 Kg7 40. Kf2 Bb5 41. Ke1 Na5 42. Kd2 Nb3+ 43. Kc2 Nxc5 44. Kc3 Ne4+ 45. Kb4 Bc6 1/2-1/2

[Event "BCF-chT2 1011 (4NCL)"]
[Site "England"]
[Date "2011.01.16"]
[Round "4.23"]
[White "McEwan, Ken B"]
[Black "Dickenson, Neil F"]
[Result "0-1"]
[WhiteElo "2139"]
[BlackElo "2313"]
[PlyCount "86"]
[EventDate "2010.11.06"]
[EventType "team-swiss"]
[EventRounds "11"]
[EventCountry "ENG"]
[SourceTitle "EXT 2012"]
[Source "ChessBase"]
[SourceDate "2011.11.24"]
[SourceVersion "1"]
[SourceVersionDate "2011.11.24"]
[SourceQuality "1"]
[WhiteTeam "Poisoned Pawns II"]
[BlackTeam "Jutes of Kent"]
[WhiteTeamCountry "ENG"]
[BlackTeamCountry "ENG"]

1. d4 Nf6 2. Nf3 c5 3. c3 b6 4. Bg5 Bb7 5. Nbd2 e6 6. e3 Be7 7. Bd3 Nc6 8. 0-0 cxd4 9. cxd4 Nb4 10. Be2 Ne4 11. Bxe7 Qxe7 12. a3 Nxd2 13. Qxd2 Nd5 14. Bd3 Nf6 15. Qe2 Be4 16. Rac1 0-0 17. Rc2 a5 18. Rfc1 Qd6 19. Ne5 Qd5 20. f3 Bxd3 21. Qxd3 Rab8 22. b3 Qd6 23. a4 Nd5 24. Qb5 Nxe3 25. Qxd7 Qxd7 26. Nxd7 Nxc2 27. Nxb8 Nxd4 28. Rd1 Nxf3+ 29. gxf3 Rxb8 30. Rd7 g5 31. Kf2 Kg7 32. Ke3 Rc8 33. Kd3 Rc6 34. Rb7 Kg6 35. Ke4 h5 36. h3 Kf6 37. Kd4 h4 38. Ke4 Rd6 39. Ke3 e5 40. Ke2 Ke6 41. Ke3 f6 42. Ke2 Kf5 43. Ke3 Rc6 0-1

[Event "BCF-chT2 1011 (4NCL)"]
[Site "England"]
[Date "2010.11.07"]
[Round "2.12"]
[White "Cooper, John Grantley"]
[Black "McEwan, Ken B"]
[Result "1-0"]
[WhiteElo "2363"]
[BlackElo "2139"]
[PlyCount "59"]
[EventDate "2010.11.06"]
[EventType "team-swiss"]
[EventRounds "11"]
[EventCountry "ENG"]
[SourceTitle "EXT 2012"]
[Source "ChessBase"]
[SourceDate "2011.11.24"]
[SourceVersion "1"]
[SourceVersionDate "2011.11.24"]
[SourceQuality "1"]
[WhiteTeam "South Wales Dragons"]
[BlackTeam "Poisoned Pawns II"]
[WhiteTeamCountry "ENG"]
[BlackTeamCountry "ENG"]

1. Nf3 Nf6 2. c4 c5 3. g3 g6 4. Bg2 Bg7 5. Nc3 Nc6 6. d4 cxd4 7. Nxd4 Nxd4 8. Qxd4 0-0 9. 0-0 d6 10. Qd3 a6 11. Rd1 Qc7 12. Bg5 Be6 13. Nd5 Bxd5 14. cxd5 h6 15. Bd2 b5 16. Rac1 Qd7 17. Rc6 Rfc8 18. Rdc1 Rxc6 19. dxc6 Qc7 20. Qa3 Ne8 21. Ba5 Qa7 22. c7 Rc8 23. Qe3 Bd4 24. Qxe7 Bxf2+ 25. Kf1 Bg1 26. e3 Bxe3 27. Bd5 Ng7 28. Re1 Bg1 29. Qxf7+ Kh7 30. Re7 1-0

[Event "BCF-chT2 1011 (4NCL)"]
[Site "England"]
[Date "2010.11.06"]
[Round "1.22"]
[White "McEwan, Ken B"]
[Black "O'Driscoll, Kieran"]
[Result "1/2-1/2"]
[WhiteElo "2139"]
[BlackElo "2101"]
[PlyCount "79"]
[EventDate "2010.11.06"]
[EventType "team-swiss"]
[EventRounds "11"]
[EventCountry "ENG"]
[SourceTitle "EXT 2012"]
[Source "ChessBase"]
[SourceDate "2011.11.24"]
[SourceVersion "1"]
[SourceVersionDate "2011.11.24"]
[SourceQuality "1"]
[WhiteTeam "Poisoned Pawns II"]
[BlackTeam "White Rose II"]
[WhiteTeamCountry "ENG"]
[BlackTeamCountry "ENG"]

1. d4 d5 2. Bf4 c5 3. c3 Nc6 4. e3 Nf6 5. Bd3 Bg4 6. f3 Bh5 7. Ne2 e6 8. g4 Bg6 9. h4 Bxd3 10. Qxd3 Bd6 11. g5 Nh5 12. Bxd6 Qxd6 13. f4 0-0-0 14. Nd2 Kb8 15. dxc5 Qxc5 16. Nb3 Qb6 17. 0-0-0 g6 18. Nbd4 Nxd4 19. cxd4 Rc8+ 20. Kb1 Rc7 21. Rc1 Rhc8 22. Rxc7 Rxc7 23. a3 Ng7 24. Ng3 Nf5 25. Nxf5 exf5 26. h5 a6 27. hxg6 fxg6 28. Rc1 Qe6 29. Rxc7 Kxc7 30. Qc3+ Kb8 31. a4 Qe8 32. Qa3 Ka8 33. Ka2 Qd7 34. Qf8+ Ka7 35. Ka3 a5 36. b4 axb4+ 37. Kxb4 b6 38. Kc3 Qc6+ 39. Kd2 Qc4 40. Qe8 1/2-1/2

[Event "BCF-chT1d 0910 (4NCL) Demotion pool"]
[Site "England"]
[Date "2010.05.02"]
[Round "10.7"]
[White "McEwan, Ken B"]
[Black "Rawlinson, Aidan"]
[Result "1/2-1/2"]
[WhiteElo "2142"]
[BlackElo "2207"]
[PlyCount "91"]
[EventDate "2009.10.24"]
[EventType "team-tourn"]
[EventRounds "4"]
[EventCountry "ENG"]
[SourceTitle "EXT 2011"]
[Source "ChessBase"]
[SourceDate "2010.11.26"]
[SourceVersion "1"]
[SourceVersionDate "2010.11.26"]
[SourceQuality "1"]
[WhiteTeam "Poisoned Pawns"]
[BlackTeam "Oxford"]
[WhiteTeamCountry "ENG"]
[BlackTeamCountry "ENG"]

1. d4 d5 2. Bf4 Nf6 3. e3 c6 4. Nd2 Bg4 5. f3 Bf5 6. Nb3 e6 7. g4 Bg6 8. h4 h5 9. g5 Ng8 10. Bd3 Bxd3 11. Qxd3 Ne7 12. Ne2 Ng6 13. Bg3 Bd6 14. 0-0-0 Bxg3 15. Nxg3 Qc7 16. f4 Ne7 17. Rhf1 g6 18. e4 dxe4 19. Qxe4 Nd7 20. Nd2 0-0-0 21. Nc4 Rhe8 22. Qf3 Nf5 23. Nxf5 exf5 24. d5 Re4 25. Nd2 Rd4 26. dxc6 Qxc6 27. Qxc6+ bxc6 28. Nb3 Ra4 29. Rd6 Kc7 30. Rfd1 Rxf4 31. Na5 c5 32. Nc6 Re8 33. Rxd7+ Kxc6 34. R1d3 Kb5 35. Rb7+ Ka5 36. Rxa7+ Kb5 37. Rb7+ Ka5 38. b3 Re6 39. Ra7+ Kb4 40. a3+ Kb5 41. a4+ Kb4 42. Kb2 c4 43. Rd5 cxb3 44. Raa5 bxc2 45. Rab5+ Kxa4 46. Ra5+ 1/2-1/2

[Event "BCF-chT1d 0910 (4NCL) Demotion pool"]
[Site "England"]
[Date "2010.05.01"]
[Round "9.7"]
[White "Way, Julian M"]
[Black "McEwan, Ken B"]
[Result "1-0"]
[WhiteElo "1994"]
[BlackElo "2142"]
[PlyCount "101"]
[EventDate "2009.10.24"]
[EventType "team-tourn"]
[EventRounds "4"]
[EventCountry "ENG"]
[SourceTitle "EXT 2011"]
[Source "ChessBase"]
[SourceDate "2010.11.26"]
[SourceVersion "1"]
[SourceVersionDate "2010.11.26"]
[SourceQuality "1"]
[WhiteTeam "Guildford II"]
[BlackTeam "Poisoned Pawns"]
[WhiteTeamCountry "ENG"]
[BlackTeamCountry "ENG"]

1. d4 d5 2. Bf4 Nf6 3. e3 g6 4. Be2 Bg7 5. h3 Nbd7 6. Nf3 0-0 7. 0-0 Ne4 8. Nbd2 Nxd2 9. Qxd2 c6 10. c4 dxc4 11. Bxc4 Nb6 12. Bb3 a5 13. a3 Bf5 14. Rfd1 Be4 15. Ne5 Bd5 16. Bxd5 cxd5 17. Rac1 Bxe5 18. dxe5 e6 19. Qd4 g5 20. Bxg5 Qxg5 21. Qxb6 Qxe5 22. Rc7 Rac8 23. Rdc1 Rxc7 24. Rxc7 h6 25. Rc3 a4 26. Qb4 Rd8 27. Qh4 Qg5 28. Qxa4 Kh8 29. Qd4+ e5 30. Qg4 Qxg4 31. hxg4 Rd7 32. Kf1 Kg7 33. Ke2 Kg6 34. f3 h5 35. gxh5+ Kxh5 36. a4 f5 37. Rc5 Kg6 38. b4 Kf6 39. a5 f4 40. Kd3 Kf5 41. b5 fxe3 42. Kxe3 d4+ 43. Kd3 Kf4 44. b6 Rd6 45. Rc8 Kg3 46. a6 Rxb6 47. a7 Rb3+ 48. Kc2 Ra3 49. a8Q Rxa8 50. Rxa8 Kxg2 51. Rf8 1-0

[Event "GBR-ch 94th"]
[Site "Great Yarmouth"]
[Date "2007.08.08"]
[Round "9"]
[White "McEwan, Ken B"]
[Black "Armstrong, Malcolm J"]
[Result "1/2-1/2"]
[WhiteElo "2170"]
[BlackElo "2126"]
[PlyCount "43"]
[EventDate "2007.07.30"]
[EventType "swiss"]
[EventRounds "11"]
[EventCountry "ENG"]
[SourceTitle "CBM 119 Extra"]
[Source "ChessBase"]
[SourceDate "2007.09.04"]
[SourceVersion "1"]
[SourceVersionDate "2007.09.04"]
[SourceQuality "1"]

1. e4 e6 2. d4 d5 3. Nd2 Nf6 4. e5 Nfd7 5. Bd3 c5 6. c3 Nc6 7. Ne2 cxd4 8. cxd4 f6 9. exf6 Nxf6 10. Nf3 Bd6 11. 0-0 0-0 12. a3 Qc7 13. Ng3 e5 14. dxe5 Nxe5 15. Be2 Bg4 16. Nd4 Bxe2 17. Qxe2 Qc4 18. Ndf5 Qxe2 19. Nxe2 Bc5 20. b4 Bb6 21. Be3 Bxe3 22. Nxe3 1/2-1/2

[Event "GBR-ch 94th"]
[Site "Great Yarmouth"]
[Date "2007.08.07"]
[Round "8"]
[White "Foord, Dominic"]
[Black "McEwan, Ken B"]
[Result "0-1"]
[WhiteElo "1950"]
[BlackElo "2170"]
[PlyCount "98"]
[EventDate "2007.07.30"]
[EventType "swiss"]
[EventRounds "11"]
[EventCountry "ENG"]
[SourceTitle "CBM 119 Extra"]
[Source "ChessBase"]
[SourceDate "2007.09.04"]
[SourceVersion "1"]
[SourceVersionDate "2007.09.04"]
[SourceQuality "1"]

1. e4 c5 2. Nc3 e6 3. f4 Nc6 4. Nf3 d6 5. Bc4 a6 6. a4 Nge7 7. 0-0 g6 8. Qe1 Bg7 9. d3 0-0 10. f5 gxf5 11. Qg3 d5 12. exd5 Nxd5 13. Bxd5 exd5 14. Bh6 Qf6 15. Bg5 f4 16. Bxf4 Nd4 17. Nh4 Qc6 18. Rae1 Bf5 19. Bd6 Bg6 20. Bxf8 Rxf8 21. Nxg6 hxg6 22. Kh1 b5 23. axb5 axb5 24. Qg5 Nf5 25. Nd1 d4 26. Qg4 Bh6 27. Qe4 Qd7 28. Rf3 Ne3 29. Nxe3 Bxe3 30. Ref1 Re8 31. Qh4 f5 32. Rh3 Qg7 33. Rxf5 gxf5 34. Rg3 Bg5 35. Rxg5 Re1+ 36. Qxe1 Qxg5 37. Qg3 Qxg3 38. hxg3 Kg7 39. b3 Kg6 40. Kg1 Kg5 41. Kf1 Kg4 42. Kf2 b4 43. Kf1 Kxg3 44. Kg1 f4 45. Kf1 f3 46. gxf3 Kxf3 47. Ke1 Ke3 48. Kd1 Kf2 49. Kd2 Kf1 0-1

[Event "GBR-ch 94th"]
[Site "Great Yarmouth"]
[Date "2007.08.06"]
[Round "7"]
[White "McEwan, Ken B"]
[Black "Van Kemenade, Rudy"]
[Result "1/2-1/2"]
[WhiteElo "2170"]
[BlackElo "2032"]
[PlyCount "65"]
[EventDate "2007.07.30"]
[EventType "swiss"]
[EventRounds "11"]
[EventCountry "ENG"]
[SourceTitle "CBM 119 Extra"]
[Source "ChessBase"]
[SourceDate "2007.09.04"]
[SourceVersion "1"]
[SourceVersionDate "2007.09.04"]
[SourceQuality "1"]

1. e4 e5 2. Nf3 Nf6 3. Nxe5 d6 4. Nf3 Nxe4 5. d3 Nf6 6. d4 Be7 7. Bd3 0-0 8. 0-0 d5 9. Re1 Nc6 10. c3 Bg4 11. Nbd2 Bd6 12. Qc2 Re8 13. Rxe8+ Qxe8 14. b4 a6 15. Bb2 Qd7 16. h3 Bxf3 17. Nxf3 Re8 18. Re1 Rxe1+ 19. Nxe1 Qe6 20. Qe2 Ne4 21. f3 Ng5 22. Bc1 h6 23. Qxe6 Nxe6 24. Bf1 Bf4 25. Bxf4 Nxf4 26. Nd3 Nxd3 27. Bxd3 Ne7 28. Kf2 Kf8 29. Ke3 Ke8 30. Kf4 Kd7 31. g4 Ke6 32. a4 g5+ 33. Kg3 1/2-1/2

[Event "GBR-ch 94th"]
[Site "Great Yarmouth"]
[Date "2007.08.02"]
[Round "4"]
[White "Dossett, Christopher S"]
[Black "McEwan, Ken B"]
[Result "1/2-1/2"]
[WhiteElo "2001"]
[BlackElo "2170"]
[PlyCount "33"]
[EventDate "2007.07.30"]
[EventType "swiss"]
[EventRounds "11"]
[EventCountry "ENG"]
[SourceTitle "CBM 119 Extra"]
[Source "ChessBase"]
[SourceDate "2007.09.04"]
[SourceVersion "1"]
[SourceVersionDate "2007.09.04"]
[SourceQuality "1"]

1. Nf3 d5 2. c4 c6 3. d4 Nf6 4. e3 e6 5. Nc3 Be7 6. Bd2 Nbd7 7. Rc1 0-0 8. cxd5 exd5 9. Bd3 Re8 10. 0-0 Bd6 11. Re1 Ne4 12. Rc2 g5 13. Bc1 g4 14. Bxe4 dxe4 15. Ne5 Nf6 16. f4 Bf5 17. Rd2 1/2-1/2

[Event "GBR-ch 94th"]
[Site "Great Yarmouth"]
[Date "2007.08.01"]
[Round "3"]
[White "McEwan, Ken B"]
[Black "White, Ernest Michael"]
[Result "1/2-1/2"]
[WhiteElo "2170"]
[BlackElo "1969"]
[PlyCount "41"]
[EventDate "2007.07.30"]
[EventType "swiss"]
[EventRounds "11"]
[EventCountry "ENG"]
[SourceTitle "CBM 119 Extra"]
[Source "ChessBase"]
[SourceDate "2007.09.04"]
[SourceVersion "1"]
[SourceVersionDate "2007.09.04"]
[SourceQuality "1"]

1. e4 e5 2. Nf3 Nc6 3. Bb5 a6 4. Ba4 Nf6 5. 0-0 Be7 6. Re1 b5 7. Bb3 d6 8. c3 0-0 9. h3 Na5 10. Bc2 c5 11. d3 Nc6 12. Nbd2 h6 13. Nf1 Re8 14. d4 Qc7 15. dxc5 dxc5 16. Qe2 Bf8 17. Bd2 Be6 18. Red1 Na5 19. b3 Nc6 20. Rac1 c4 21. b4 1/2-1/2